000 00342nam a22001457a 4500
003 OSt
005 20160727222403.0
008 160623b xxu||||| |||| 00| 0 eng d
040 _cTEST
100 _9746
_a Pascal, F
245 _aYour Basis Nightmare
260 _aN.Y
_b Bantam Books
_c1999
300 _aYour Basis Nightmare
942 _2ddc
_cBK
999 _c601
_d601